Fr. Conceicao Rodrigues College of Engineering

Tool sheets (Record no. 34436)

MARC details
000 -LEADER
fixed length control field 00294nam a2200133Ia 4500
082 ## - DEWEY DECIMAL CLASSIFICATION NUMBER
Classification number 672.3
100 ## - MAIN ENTRY--PERSONAL NAME
Personal name Robert. G.A. & Cary/ R.A.
245 ## - TITLE STATEMENT
Title Tool sheets
260 ## - PUBLICATION, DISTRIBUTION, ETC.
Name of publisher, distributor, etc. American Society for metals
Place of publication, distribution, etc. Ohio
Date of publication, distribution, etc. 1980
300 ## - PHYSICAL DESCRIPTION
Extent 820
546 ## - LANGUAGE NOTE
Language note ENGLISH
654 ## - SUBJECT ADDED ENTRY--FACETED TOPICAL TERMS
Focus term tool sheet
942 ## - ADDED ENTRY ELEMENTS (KOHA)
Koha item type Reference Book
Holdings
Withdrawn status Lost status Damaged status Not for loan Collection Home library Current library Shelving location Date acquired Source of acquisition Cost, normal purchase price Inventory number Total Checkouts Full call number Barcode Date last seen Cost, replacement price Price effective from Koha item type
        AFT Fr. Agnel's C.Rodrigues College of Engineering Fr. Agnel's C.Rodrigues College of Engineering   17/03/2023 UBS 729.60 T-190   672.3 AFT2955 17/03/2023 729.60 17/03/2023 Reference Book